[Event "Bahn-chS 70"]
[Site "Bad Wildungen"]
[Date "2000.09.30"]
[Round "7"]
[White "Schuessler, Michael"]
[Black "Roland, Franz"]
[Result "0-1"]
[WhiteElo "1599"]
[BlackElo "1468"]
[PlyCount "42"]
[EventDate "2000.09.24"]
[EventType "swiss"]
[EventRounds "7"]
[EventCountry "GER"]
[SourceTitle "EXT 2003"]
[Source "ChessBase"]
[SourceDate "2002.11.25"]
[SourceVersion "1"]
[SourceVersionDate "2002.11.25"]
[SourceQuality "1"]

1. e4 e5 2. Nf3 d6 3. d4 exd4 4. Nxd4 c5 5. Nf3 Be7 6. Nc3 Nf6 7. Bc4 0-0 8. h3 a6 9. g4 Nc6 10. g5 Nd7 11. g6 Nde5 12. gxf7+ Kh8 13. h4 Nxc4 14. Ng5 N4e5 15. Nxh7 Bg4 16. Qd5 Kxh7 17. Bg5 Nd4 18. f4 Be6 19. Qxb7 Rxf7 20. f5 Bc4 21. Kd2 Bf6 0-1

[Event "Bahn-chS 70"]
[Site "Bad Wildungen"]
[Date "2000.09.28"]
[Round "5"]
[White "Bahn, Horst"]
[Black "Roland, Franz"]
[Result "0-1"]
[WhiteElo "1546"]
[BlackElo "1468"]
[PlyCount "86"]
[EventDate "2000.09.24"]
[EventType "swiss"]
[EventRounds "7"]
[EventCountry "GER"]
[SourceTitle "EXT 2003"]
[Source "ChessBase"]
[SourceDate "2002.11.25"]
[SourceVersion "1"]
[SourceVersionDate "2002.11.25"]
[SourceQuality "1"]

1. e4 e5 2. Nf3 d6 3. h3 Be7 4. Nc3 Nf6 5. d4 exd4 6. Nxd4 a6 7. Bd3 c5 8. Nf3 Nc6 9. a3 Ne5 10. Be2 b5 11. Nxe5 dxe5 12. Bf3 Qxd1+ 13. Nxd1 Bb7 14. Nc3 Rd8 15. Bg5 0-0 16. 0-0 Rd4 17. Rae1 Rfd8 18. Be3 R4d7 19. Bg5 Kf8 20. Bxf6 Bxf6 21. Rd1 Rd4 22. Rxd4 Rxd4 23. Rd1 Bg5 24. Rxd4 exd4 25. Ne2 g6 26. g3 f5 27. h4 Bf6 28. Bg2 Bxe4 29. Bxe4 fxe4 30. Nf4 Kf7 31. Nd5 d3 32. cxd3 exd3 33. b3 Bd4 34. Kf1 c4 35. bxc4 bxc4 36. Nb4 Bc5 37. Nc6 Ke6 38. f4 Bxa3 39. g4 Bc5 40. Ke1 a5 41. Kd2 a4 42. Kc1 Kd5 43. Ne5 a3 0-1

[Event "Bahn-chS 70"]
[Site "Bad Wildungen"]
[Date "2000.09.26"]
[Round "3"]
[White "Philippi, Walter"]
[Black "Roland, Franz"]
[Result "1-0"]
[WhiteElo "1570"]
[BlackElo "1468"]
[PlyCount "67"]
[EventDate "2000.09.24"]
[EventType "swiss"]
[EventRounds "7"]
[EventCountry "GER"]
[SourceTitle "EXT 2003"]
[Source "ChessBase"]
[SourceDate "2002.11.25"]
[SourceVersion "1"]
[SourceVersionDate "2002.11.25"]
[SourceQuality "1"]

1. d4 d5 2. Nf3 e6 3. e3 Be7 4. Bd3 c5 5. dxc5 Bxc5 6. 0-0 Nf6 7. Ne5 Bd6 8. Bb5+ Bd7 9. Nxd7 Nbxd7 10. Nd2 Qc7 11. Nf3 Rc8 12. c3 a6 13. Bxd7+ Qxd7 14. h3 e5 15. Qe2 0-0 16. Rd1 Rfd8 17. e4 Nxe4 18. Rxd5 Qf5 19. Be3 Nf6 20. Rd2 e4 21. Nh4 Qe5 22. g3 Qe6 23. Kg2 h6 24. Kh2 g5 25. Ng2 Nd5 26. Rad1 Nxe3 27. Nxe3 Bc7 28. b3 b5 29. Nd5 Be5 30. Kg2 f5 31. c4 bxc4 32. bxc4 Kg7 33. Nb4 Rxd2 34. Qxd2 1-0

[Event "Bahn-chS 70"]
[Site "Bad Wildungen"]
[Date "2000.09.25"]
[Round "2"]
[White "Roland, Franz"]
[Black "Roenn, Heinz"]
[Result "0-1"]
[WhiteElo "1468"]
[BlackElo "1421"]
[PlyCount "102"]
[EventDate "2000.09.24"]
[EventType "swiss"]
[EventRounds "7"]
[EventCountry "GER"]
[SourceTitle "EXT 2003"]
[Source "ChessBase"]
[SourceDate "2002.11.25"]
[SourceVersion "1"]
[SourceVersionDate "2002.11.25"]
[SourceQuality "1"]

1. e4 e5 2. Nf3 Nc6 3. d4 exd4 4. Nxd4 Qf6 5. Be3 Bc5 6. c3 Nge7 7. Bc4 Bxd4 8. cxd4 a6 9. Nc3 d6 10. 0-0 0-0 11. Qd2 Qg6 12. f4 b5 13. Be2 b4 14. f5 Qf6 15. Nd1 h6 16. Rc1 Bb7 17. d5 Ne5 18. Rxc7 Rab8 19. Bc4 Rfc8 20. Rxc8+ Rxc8 21. Be2 a5 22. Bd4 Qg5 23. Qxg5 hxg5 24. f6 N7g6 25. fxg7 Rc2 26. Bh5 Nf4 27. Ne3 Rd2 28. Bxe5 dxe5 29. Bf3 Rxb2 30. Nc4 Rxa2 31. Nxe5 Ba6 32. Rc1 Ne2+ 33. Bxe2 Rxe2 34. d6 Rd2 35. d7 f6 36. Rc8+ Kxg7 37. d8Q Rxd8 38. Rxd8 fxe5 39. Rd5 b3 40. Rd7+ Kf8 41. Rd8+ Ke7 42. Rb8 a4 43. Kf2 Bc4 44. Rb4 a3 45. Rxc4 a2 46. Rc7+ Kd6 47. Ra7 Kc5 48. Ra5+ Kb4 49. Ra8 Kc3 50. Ke3 Kb2 51. Kd2 a1Q 0-1

[Event "Gemuend op Seniors1"]
[Site "Gemuend"]
[Date "1999.10.27"]
[Round "5"]
[White "Boettcher, Ulrich"]
[Black "Roland, Franz"]
[Result "0-1"]
[WhiteElo "2015"]
[BlackElo "1602"]
[PlyCount "36"]
[EventDate "1999.10.24"]
[EventType "swiss"]
[EventRounds "7"]
[EventCountry "GER"]
[SourceTitle "EXT 2003"]
[Source "ChessBase"]
[SourceDate "2002.11.25"]
[SourceVersion "1"]
[SourceVersionDate "2002.11.25"]
[SourceQuality "1"]

1. Nf3 Nc6 2. e4 d6 3. d4 e6 4. Be2 Be7 5. 0-0 Nf6 6. Nc3 0-0 7. b3 a6 8. Bb2 b5 9. a3 Bb7 10. Re1 d5 11. exd5 Nxd5 12. Nxd5 exd5 13. c4 bxc4 14. bxc4 Bf6 15. cxd5 Qxd5 16. Rb1 Bxd4 17. Bxd4 Nxd4 18. Nxd4 Qxg2# 0-1